| 000 | 00352nam a2200133Ia 4500 | ||
|---|---|---|---|
| 005 | 20251222143129.0 | ||
| 008 | 251222s9999||||xx |||||||||||||| ||spa|| | ||
| 020 | _a84-87022-77-4 | ||
| 082 | _a658.51/S47 | ||
| 100 | _aShingo, Shigeo | ||
| 245 | 0 | _aEnfoques Modernos para la Gestión de la Fabricación: | |
| 264 | _bProductivity Press | ||
| 942 | _cLIB | ||
| 999 |
_c11849 _d11849 |
||